header

Microbial ecology (Record no. 207893)

MARC details
000 -LEADER
fixed length control field 01187nam a22003014a 4500
082 04 - DEWEY DECIMAL CLASSIFICATION NUMBER
Classification number 579/.17
100 1# - MAIN ENTRY--AUTHOR NAME
Personal name McArthur, J. Vaun.
245 10 - TITLE STATEMENT
Title Microbial ecology
260 ## - PUBLICATION, DISTRIBUTION, ETC. (IMPRINT)
Place of publication Amsterdam ;
-- Boston :
Name of publisher Elsevier, AP,
Year of publication c2006.
300 ## - PHYSICAL DESCRIPTION
Number of Pages xii, 416 p., [2] p. of plates :
Other physical details ill. (some col.).
650 #0 - SUBJECT ADDED ENTRY--TOPICAL TERM
Topical Term Microbial ecology.
Topical Term Surface chemistry.
856 40 - ELECTRONIC LOCATION AND ACCESS
Uniform Resource Identifier http://site.ebrary.com/lib/rucke/Doc?id=10382839

No items available.

© 2026 Rongo University
Contact us: librarian | system librarian | Rongo university